000 01427cab a2200301 4500
001 ABS55018
008 090401t1996 xxu||||| |||| 00| 0 eng d
035 _a(Sirsi) u13626
041 _aeng
245 _aSolent Pines Residents Association v Campbell
260 _c1996
350 _a0
490 _aEstates Gazette
_v[1996] 16 EG 118-121(4)
520 _aLVT 12 October 1995. Qualifying tenants of a block of flats chose to exercise their rights to collective enfranchisement, valuing the freehold at £218,677, the landlord was asking £1,225,725. At dispute was the value of various priviledges and benefits that the landlord would lose if he sold the freehold and whether these should be included in the sale price. Held the enfranchisement price should be £401,200 which included hope and marriage values and compensation for the loss of insurance premiums and ability to enforce covenants on other properties.
650 _aCOLLECTIVE ENFRANCHISEMENT
650 _aCOMPENSATION
650 _aFLATS
650 _aFREEHOLD VALUE
650 _aHOPE VALUE
650 _aINSURANCE PREMIUMS
650 _aLEASEHOLD ENFRANCHISEMENT
650 _aLEASEHOLD REFORM, HOUSING AND URBAN DEVELOPMENT ACT 1993
650 _aMARRIAGE VALUE
650 _aSOLENT PINES RESIDENTS ASSOCIATION V CAMPBELL AND ANOTHER
690 _aLANDLORD AND TENANT-CASE LAW-LEASEHOLD REFORM
942 _n0
948 _c04/03/1997
999 _c8774
_d8774